| 000 | 01058nam a2200229Ia 4500 | ||
|---|---|---|---|
| 003 | Ost | ||
| 005 | 20260507075035.0 | ||
| 008 | 260507s9999||||xx |||||||||||||| ||und|| | ||
| 020 | _a7245119957 | ||
| 040 | _cfsecg | ||
| 041 | _aara | ||
| 082 | _a330 | ||
| 100 |
_aاللوزي، موسى _eمؤلف |
||
| 245 | 0 |
_aالتنظيم وإجراءات العمل / _c موسى اللوزي |
|
| 260 |
_aعمان: _bدار وائل للنشر والتوزيع, _c2002 |
||
| 300 |
_a270 صفحة؛ _bإيضاحات ؛ _c24 سم |
||
| 520 | _aالتنظيم الإداري- الهيكل التنظيمي- تحليل ووصف الوظائف- الإجراءات والنماذج- فرق العمل في المنظمات الإدارية- تكنولوجيا العمل- إعادة هندسة نظم العمل- تحليل نظم العمل- تقويم الأداء- الثقافة المؤسسية- التنظيم الإداري في الأردن | ||
| 653 | _aالتنظيم | ||
| 653 | _aالعمل | ||
| 653 | _aتنظيم وإدارة | ||
| 942 | _cكتاب | ||
| 999 |
_c42441 _d42441 |
||